<?xml version="1.0" encoding="UTF-8"?>
<record
    xmlns:xsi="http://www.w3.org/2001/XMLSchema-instance"
    xsi:schemaLocation="http://www.loc.gov/MARC21/slim http://www.loc.gov/standards/marcxml/schema/MARC21slim.xsd"
    xmlns="http://www.loc.gov/MARC21/slim">

  <leader>02056nam a22002777a 4500</leader>
  <controlfield tag="001">1309</controlfield>
  <controlfield tag="005">20250527162517.0</controlfield>
  <datafield tag="020" ind1=" " ind2=" ">
    <subfield code="a">9789996305528</subfield>
  </datafield>
  <datafield tag="040" ind1=" " ind2=" ">
    <subfield code="a">FISKH </subfield>
    <subfield code="b">eng</subfield>
    <subfield code="c">FISKH </subfield>
    <subfield code="d">FISKH </subfield>
  </datafield>
  <datafield tag="082" ind1=" " ind2=" ">
    <subfield code="a">646.724</subfield>
  </datafield>
  <datafield tag="100" ind1=" " ind2=" ">
    <subfield code="a">Sodany, Ouch </subfield>
  </datafield>
  <datafield tag="245" ind1=" " ind2=" ">
    <subfield code="a">&#x1793;&#x17B6;&#x1784;&#x179F;&#x1780;&#x17CB;&#x1794;&#x17D2;&#x179A;&#x17B6;&#x1780;&#x17CB; / </subfield>
    <subfield code="c">&#x17A2;&#x17CA;&#x17BC;&#x1785; &#x179F;&#x17BC;&#x178A;&#x17B6;&#x1793;&#x17B8; - &#x1789;&#x17B9;&#x1780; &#x179F;&#x17BB;&#x1795;&#x17B6;&#x179B;&#x17B6;&#x1797; </subfield>
  </datafield>
  <datafield tag="250" ind1=" " ind2=" ">
    <subfield code="a">&#x1794;&#x17C4;&#x17C7;&#x1796;&#x17BB;&#x1798;&#x17D2;&#x1796;&#x179B;&#x17BE;&#x1780;&#x1791;&#x17B8; &#x17E7; &#x1781;&#x17C2;&#x1798;&#x17B7;&#x1790;&#x17BB;&#x1793;&#x17B6; &#x1786;&#x17D2;&#x1793;&#x17B6;&#x17C6; &#x17E2;&#x17E0;&#x17E2;&#x17E2; </subfield>
  </datafield>
  <datafield tag="260" ind1=" " ind2=" ">
    <subfield code="a">Phnom Penh : </subfield>
    <subfield code="b">Sipar, </subfield>
    <subfield code="c">2022. </subfield>
  </datafield>
  <datafield tag="300" ind1=" " ind2=" ">
    <subfield code="a">43 pages : </subfield>
    <subfield code="b">color illustrations ; </subfield>
    <subfield code="c">20 cm </subfield>
  </datafield>
  <datafield tag="490" ind1=" " ind2=" ">
    <subfield code="a">&#x1781;&#x17D2;&#x1789;&#x17BB;&#x17C6;&#x17A2;&#x17B6;&#x1793;&#x1794;&#x17B6;&#x1793; </subfield>
  </datafield>
  <datafield tag="505" ind1=" " ind2=" ">
    <subfield code="a">Y 
</subfield>
  </datafield>
  <datafield tag="520" ind1=" " ind2=" ">
    <subfield code="a">&#x1793;&#x17C5;&#x1797;&#x17BC;&#x1798;&#x17B7;&#x1782;&#x1784;&#x17D2;&#x1782;&#x17B6; &#x1794;&#x17D2;&#x179A;&#x1787;&#x17B6;&#x1796;&#x179B;&#x179A;&#x178A;&#x17D2;&#x178B;&#x1787;&#x17BD;&#x1794;&#x1794;&#x17D2;&#x179A;&#x1791;&#x17C7;&#x1794;&#x1789;&#x17D2;&#x17A0;&#x17B6;&#x179B;&#x17C6;&#x1794;&#x17B6;&#x1780;&#x178A;&#x17C4;&#x1799;&#x1780;&#x17B6;&#x179A;&#x1781;&#x17D2;&#x179C;&#x17C7;&#x1781;&#x17B6;&#x178F;&#x1791;&#x17B9;&#x1780;&#x1794;&#x17D2;&#x179A;&#x17BE;&#x1794;&#x17D2;&#x179A;&#x17B6;&#x179F;&#x17CB;&#x17D4; &#x1793;&#x17C5;&#x1798;&#x17B7;&#x1793;&#x1786;&#x17D2;&#x1784;&#x17B6;&#x1799;&#x1796;&#x17B8;&#x1797;&#x17BC;&#x1798;&#x17B7; &#x1782;&#x17D2;&#x179A;&#x17BD;&#x179F;&#x17B6;&#x179A;&#x1798;&#x17BD;&#x1799;&#x1798;&#x17B6;&#x1793;&#x1780;&#x17BC;&#x1793;&#x179F;&#x17D2;&#x179A;&#x17B8;&#x1798;&#x17D2;&#x1793;&#x17B6;&#x1780;&#x17CB;&#x1781;&#x17BB;&#x179F;&#x1782;&#x17C1; &#x178A;&#x17C4;&#x1799;&#x179F;&#x17B6;&#x179A;&#x1793;&#x17B6;&#x1784;&#x1798;&#x17B6;&#x1793;&#x179F;&#x1780;&#x17CB;&#x1796;&#x178E;&#x17CD;&#x1794;&#x17D2;&#x179A;&#x17B6;&#x1780;&#x17CB; &#x17A0;&#x17BE;&#x1799;&#x179F;&#x1780;&#x17CB;&#x1793;&#x17C4;&#x17C7;&#x179B;&#x17BC;&#x178F;&#x179B;&#x17BF;&#x1793;&#x1781;&#x17BB;&#x179F;&#x1792;&#x1798;&#x17D2;&#x1798;&#x178F;&#x17B6;&#x17D4; &#x1794;&#x17C9;&#x17BB;&#x1793;&#x17D2;&#x178F;&#x17C2;&#x1782;&#x17D2;&#x1798;&#x17B6;&#x1793;&#x17A2;&#x17D2;&#x1793;&#x1780;&#x1780;&#x17D2;&#x179A;&#x17C5;&#x178E;&#x17B6;&#x178A;&#x17B9;&#x1784;&#x1796;&#x17B8;&#x1782;&#x17BB;&#x178E;&#x1794;&#x17D2;&#x179A;&#x1799;&#x17C4;&#x1787;&#x1793;&#x17CD;&#x1793;&#x17C3;&#x179F;&#x1780;&#x17CB;&#x1793;&#x17C1;&#x17C7;&#x1791;&#x17C1; &#x179B;&#x17BE;&#x1780;&#x179B;&#x17C2;&#x1784;&#x179B;&#x17C4;&#x1780;&#x1798;&#x17D2;&#x1781;&#x17B6;&#x179F;&#x17CB;&#x178A;&#x17CF;&#x1780;&#x17C6;&#x178E;&#x17B6;&#x1789;&#x17CB;&#x1798;&#x17D2;&#x1793;&#x17B6;&#x1780;&#x17CB;&#x1780;&#x17D2;&#x1793;&#x17BB;&#x1784;&#x1797;&#x17BC;&#x1798;&#x17B7;&#x17D4; </subfield>
  </datafield>
  <datafield tag="520" ind1=" " ind2=" ">
    <subfield code="a">In Kongkea village, people face difficulties due to a lack of water. Not far from the village, a family has a daughter that is different from others because she has silver hair that grows abnormally fast. No one knows the benefits of this hair, except for one stingy guy.</subfield>
  </datafield>
  <datafield tag="521" ind1=" " ind2=" ">
    <subfield code="a">890 
</subfield>
    <subfield code="b">Lexile estimate 
</subfield>
  </datafield>
  <datafield tag="521" ind1=" " ind2=" ">
    <subfield code="a">Y 
</subfield>
    <subfield code="b">Raz-Plus 
</subfield>
  </datafield>
  <datafield tag="650" ind1=" " ind2=" ">
    <subfield code="a">&#x179F;&#x1780;&#x17CB;&#x1794;&#x17D2;&#x179A;&#x17B6;&#x1780;&#x17CB; </subfield>
    <subfield code="v">&#x179F;&#x17C1;&#x178A;&#x17D2;&#x178B;&#x17B8; </subfield>
    <subfield code="x">&#x1797;&#x17B6;&#x179F;&#x1793;&#x17CD;&#x1781;&#x17D2;&#x179B;&#x17BD;&#x1793; </subfield>
    <subfield code="y">&#x1798;&#x17B7;&#x178F;&#x17D2;&#x178F;&#x1797;&#x17B6;&#x1796;&#x200B; </subfield>
  </datafield>
  <datafield tag="650" ind1=" " ind2=" ">
    <subfield code="a">silver hair </subfield>
    <subfield code="v">Wealthy man </subfield>
    <subfield code="x">Run away </subfield>
    <subfield code="y">Friendship </subfield>
  </datafield>
  <datafield tag="700" ind1=" " ind2=" ">
    <subfield code="a">Sophaleap, Nhoek </subfield>
    <subfield code="c">illustrator </subfield>
  </datafield>
  <datafield tag="942" ind1=" " ind2=" ">
    <subfield code="2">ddc</subfield>
    <subfield code="c">BK</subfield>
    <subfield code="n">0</subfield>
  </datafield>
  <datafield tag="999" ind1=" " ind2=" ">
    <subfield code="c">1309</subfield>
    <subfield code="d">1309</subfield>
  </datafield>
  <datafield tag="952" ind1=" " ind2=" ">
    <subfield code="0">0</subfield>
    <subfield code="1">0</subfield>
    <subfield code="2">ddc</subfield>
    <subfield code="4">0</subfield>
    <subfield code="7">0</subfield>
    <subfield code="8">KH</subfield>
    <subfield code="a">001</subfield>
    <subfield code="b">001</subfield>
    <subfield code="c">KHRS</subfield>
    <subfield code="d">2023-08-14</subfield>
    <subfield code="l">0</subfield>
    <subfield code="o">SOD 646.724</subfield>
    <subfield code="p">2023-0253</subfield>
    <subfield code="r">2023-08-14 12:56:05</subfield>
    <subfield code="t">1</subfield>
    <subfield code="w">2023-08-14</subfield>
    <subfield code="y">BK</subfield>
  </datafield>
  <datafield tag="952" ind1=" " ind2=" ">
    <subfield code="0">0</subfield>
    <subfield code="1">0</subfield>
    <subfield code="2">ddc</subfield>
    <subfield code="4">0</subfield>
    <subfield code="7">0</subfield>
    <subfield code="8">KH</subfield>
    <subfield code="a">001</subfield>
    <subfield code="b">001</subfield>
    <subfield code="c">KHRS</subfield>
    <subfield code="d">2023-08-14</subfield>
    <subfield code="l">0</subfield>
    <subfield code="o">SOD 646.724</subfield>
    <subfield code="p">2023-0254</subfield>
    <subfield code="r">2023-08-14 12:56:16</subfield>
    <subfield code="t">2</subfield>
    <subfield code="w">2023-08-14</subfield>
    <subfield code="y">BK</subfield>
  </datafield>
  <datafield tag="952" ind1=" " ind2=" ">
    <subfield code="0">0</subfield>
    <subfield code="1">0</subfield>
    <subfield code="2">ddc</subfield>
    <subfield code="4">0</subfield>
    <subfield code="7">0</subfield>
    <subfield code="8">KH</subfield>
    <subfield code="a">002</subfield>
    <subfield code="b">002</subfield>
    <subfield code="c">SKB</subfield>
    <subfield code="d">2025-03-27</subfield>
    <subfield code="l">0</subfield>
    <subfield code="o">SOD 646.724</subfield>
    <subfield code="p">FIS05108</subfield>
    <subfield code="r">2025-03-27 10:14:48</subfield>
    <subfield code="t">3</subfield>
    <subfield code="w">2025-03-27</subfield>
    <subfield code="y">BK</subfield>
  </datafield>
  <datafield tag="952" ind1=" " ind2=" ">
    <subfield code="0">0</subfield>
    <subfield code="1">0</subfield>
    <subfield code="2">ddc</subfield>
    <subfield code="4">0</subfield>
    <subfield code="7">0</subfield>
    <subfield code="8">KH</subfield>
    <subfield code="a">002</subfield>
    <subfield code="b">002</subfield>
    <subfield code="c">TTP Khmer</subfield>
    <subfield code="d">2025-04-02</subfield>
    <subfield code="l">0</subfield>
    <subfield code="o">SOD 646.724</subfield>
    <subfield code="p">FIS04267</subfield>
    <subfield code="r">2025-04-02 09:05:05</subfield>
    <subfield code="t">4</subfield>
    <subfield code="w">2025-04-02</subfield>
    <subfield code="y">BK</subfield>
  </datafield>
</record>
